Statistics for Lande i Europa

Click here to take the quiz!

General Stats

  • This quiz has been taken 773 times
  • The average score is 31 of 51

Answer Stats

Land % Correct
Danmark
95%
Sverige
95%
Norge
94%
Tyskland
90%
Frankrig
89%
Spanien
88%
Italien
84%
Portugal
83%
Finland
83%
Rusland
82%
Belgien
79%
Holland
78%
Estland
77%
Polen
77%
Letland
77%
Østrig
75%
Irland
74%
Island
74%
Grækenland
72%
Albanien
69%
Slovakiet
68%
Tjekkiet
67%
Kroatien
62%
Luxembourg
61%
Tyrkiet
61%
Litauen
61%
Ukraine
60%
Bulgarien
60%
Slovenien
59%
Hviderusland
58%
Ungarn
58%
Serbien
58%
Schweiz
57%
Andorra
56%
Rumænien
54%
Malta
54%
Storbritannien
52%
Bosnien-Hercegovina
52%
Monaco
50%
San Marino
44%
Kosovo
43%
Montenegro
41%
Moldova
40%
Cypern
40%
Makedonien
40%
Vatikanstaten
38%
Armenien
28%
Liechtenstein
27%
Georgien
22%
Aserbajdsjan
10%
Kasakhstan
5%

Score Distribution

Percentile by Number Answered

Percent of People with Each Score

Your Score History

You have not taken this quiz